| 000 | 00528nam a22001817a 4500 | ||
|---|---|---|---|
| 003 | BD-DhUL | ||
| 005 | 20190403161432.0 | ||
| 008 | 181017s1900 ii ||||| |||| 00| 0 urd d | ||
| 040 |
_aBD-DhUL _cBD-DhUL |
||
| 082 |
_a808.1 _bSAM |
||
| 100 | 3 | 0 | _aنظیر حسن سخا۔ |
| 245 | 0 | 0 |
_aمحبوب الشعراء / _cنظیر حسن سخا۔ |
| 246 | _aMaḥbūbush Shu'arā | ||
| 260 |
_aدہلی : _bمطبع اخبار، _c۱۹۰۰۔ |
||
| 300 |
_aص۔ ۱۲۴ ؛ _c ۲۲ سم۔ |
||
| 650 | 4 | _aUrdu poetry. | |
| 942 |
_2ddc _cBK |
||
| 999 |
_c247592 _d247592 |
||